ბათუმის შოთა რუსთაველის სახელმწიფო უნივერსიტეტის ბიბლიოთეკა

ენეიდა (ბიბ.ჩანაწერი № 49456)

000 -LEADER
fixed length control field 01090nam a2200241Ia 4500
001 - CONTROL NUMBER
control field 16379
003 - CONTROL NUMBER IDENTIFIER
control field GE_BSU
008 - FIXED-LENGTH DATA ELEMENTS--GENERAL INFORMATION
fixed length control field 181216s||||||||xx |||||||||||||| ||und||
020 ## - INTERNATIONAL STANDARD BOOK NUMBER
International Standard Book Number ISBN: 978-9941-15 -979-4(პუბლიუს ვერგილიუს მარო)
040 ## - CATALOGING SOURCE
Transcribing agency GE_BSU
080 ## - UNIVERSAL DECIMAL CLASSIFICATION NUMBER
Universal Decimal Classification number 821.124-11
100 ## - MAIN ENTRY--PERSONAL NAME
Personal name ვერგილიუს მარო,პუბლიუს
245 ## - TITLE STATEMENT
Title ენეიდა
245 ## - TITLE STATEMENT
Statement of responsibility, etc. მთარგმნ.რომან მიმინოშვილი;რედ.:დიანა ყაისუმაშვილი;დიზაინერი:ია მახათაძე
260 ## - PUBLICATION, DISTRIBUTION, ETC.
Place of publication, distribution, etc. თბილისი
260 ## - PUBLICATION, DISTRIBUTION, ETC.
Name of publisher, distributor, etc. ბაკურ სულაკაურის გამ-ბა
260 ## - PUBLICATION, DISTRIBUTION, ETC.
Date of publication, distribution, etc. 2013
300 ## - PHYSICAL DESCRIPTION
Extent 347გვ. 22სმ.
300 ## - PHYSICAL DESCRIPTION
Accompanying material ყდაზე:პიერ-ნარცის გუერინის "დიდო და ენეასი",1815,ლუვრი.-შენიშვნები:გვ.327-344.
653 ## - INDEX TERM--UNCONTROLLED
Uncontrolled term ლიტერატურა
942 ## - ADDED ENTRY ELEMENTS (KOHA)
Koha item type წიგნი
ეგზემპლარები
Withdrawn status Lost status Damaged status Not for loan Date acquired Barcode Date last seen Price effective from Koha item type
        2018-12-17 40803 2018-12-17 2018-12-17 წიგნი